000 00699nam a2200205Ia 4500
005 20260121110020.0
008 008 260114s9999 xx 000 0 hin d
020 _a9788132359326
037 _aEBOOK
040 _aCRL
_bhin
_cCRL
041 _ahin
_2hin
084 _qCRL
100 _aचंद्र प्रकाश / Chandra Prakash
_9941005
245 0 _aउभयचर, सरीसृर्प एवं पक्षी वर्ग / Ubhyachar, Sariyasar aur Pakshi Varg
260 _bभाषा प्रकाशन / Bhasha Prakashan
_c2021
856 _uhttps://bhashaprakashan.com/product-details/382499
942 _cEBOOK
999 _c1532670
_d1532670